00841 2200313 4500001002100000005001500021007000300036008004100039020002200080035002000102040001700122041000800139082001000147084001600157090002000173100002100193245006100214250001100275260003200286300003100318500003200349650001600381700002000397850001000417990002500427990002500452990002500477990002500502INLIS00000000000212520260603100518ta260603 0  a978-602-1130-99-5 a0010-0120000568 aSBPUPADbInd0 aInd a297.5 a297.5 MUH t a297.5 MUH t 3-90 aMuhammad Suhardi1 aTiga Puluh Nasihat Nabi Sehari-Hari /cMuhammad Suhardi aCet. 1 aSurakarta :bAl-Quds,c2014 a111 hlm. :bilus. ;c20 cm aTentang Penulis,hal 110-111 4aAgama Islam0 aEditor Endang R aPUPAD a32.388/APBD/DPK/2019 a32.389/APBD/DPK/2019 a32.390/APBD/DPK/2019 a32.391/APBD/DPK/2019